La Lutte contra la crise aux Estates Unis (Record no. 95278)
[ view plain ]
| 000 -LEADER | |
|---|---|
| campo de control de longitud fija | 00426nam a2200145 i 4500 |
| 001 - NÚMERO DE CONTROL | |
| campo de control | 95278 |
| 003 - IDENTIFICADOR DE NÚMERO DE CONTROL | |
| campo de control | ES-MaACL |
| 005 - FECHA Y HORA DE LA ÚLTIMA TRANSACCIÓN | |
| campo de control | 20230906181654.0 |
| 007 - CAMPO FIJO DE DESCRIPCIÓN FÍSICA--INFORMACIÓN GENERAL | |
| campo de control de longitud fija | t| |
| 008 - DATOS DE LONGITUD FIJA--INFORMACIÓN GENERAL | |
| campo de control de longitud fija | 050525s1933 sz ||||1| fre d |
| 245 03 - MENCIÓN DEL TÍTULO | |
| Título | La Lutte contra la crise aux Estates Unis |
| Resto del título | : recueil de textes / |
| Mención de responsabilidad, etc. | Bureau International du travail. |
| 260 ## - PUBLICACIÓN, DISTRIBUCIÓN, ETC. | |
| Lugar de publicación, distribución, etc. | Genève : |
| Nombre del editor, distribuidor, etc. | Albert Kündig, |
| Fecha de publicación, distribución, etc. | 1933. |
| 300 ## - DESCRIPCIÓN FÍSICA | |
| Extensión | 246 p. ; |
| Dimensiones | 24 cm. |
| 852 ## - LOCALIZACIÓN | |
| Ubicación | ES-MaACL |
| Número de control de estantería | A-1976 |
| Estatus retirado | Estado de pérdida | Estado de daño | No para préstamo | Biblioteca de origen | Biblioteca actual | Ubicación en estantería | Fecha de adquisición | Fuente de adquisición | Total de préstamos | Signatura topográfica completa | Código de barras | Visto por última vez | Precio de reemplazo | Tipo de ítem Koha |
|---|---|---|---|---|---|---|---|---|---|---|---|---|---|---|
| Biblioteca del Ateneo de Madrid | Biblioteca del Ateneo de Madrid | Sala Pecera Planta 1 | 17/01/2008 | A-1976 | 1099490 | 23/02/2023 | 23/02/2023 | Libro impreso |
